000 00235nam a2200097Ia 4500
005 20251222114349.0
008 251222s1900||||xx |||||||||||||| ||spa||
082 _aDVD0070/M22/1999/Ej.2
245 0 _aEl informante:The insider
942 _cDVD
999 _c1160
_d1160